| 000 | 00740nam a2200301Ia 4500 | ||
|---|---|---|---|
| 008 | 160803s9999 xx 000 0 und d | ||
| 020 | _a978-1416935728 | ||
| 100 | _aWalden, Mark | ||
| 245 | _aH.I.V.E. : | ||
| 245 | _cMark Walden. | ||
| 260 | _aNew York : | ||
| 260 | _bScholastic Inc. | ||
| 260 | _c2006 | ||
| 300 | _a309 pages ; | ||
| 300 | _c22 cm | ||
| 440 | _aHive. | ||
| 650 | _aArtificial intelligence -- | ||
| 650 | _aGenius -- | ||
| 650 | _aGood and evil -- | ||
| 650 | _aSchools -- | ||
| 650 | _aScience fiction -- | ||
| 650 | _xJuvenile fiction. | ||
| 650 | _xJuvenile fiction. | ||
| 650 | _xJuvenile fiction. | ||
| 650 | _xJuvenile fiction. | ||
| 650 | _xJuvenile fiction. | ||
| 700 | _a1040 | ||
| 999 |
_c298641 _d298641 |
||